BIBLIOTECA “JULIO CORTÁZAR”
ESCUELA AGROTÉCNICA “LIBERTADOR GENERAL SAN MARTÍN” - UNR – CASILDA

Logo Escuela Logo UNR

Diccionario bilingüe : (Record no. 1361)

MARC details
000 -LEADER
campo de control de longitud fija 00785nam#a22002535a#4500
001 - NÚMERO DE CONTROL
campo de control 1361
008 - DATOS DE LONGITUD FIJA--INFORMACIÓN GENERAL
campo de control de longitud fija 100727s2009####ag#####g#d####000#0#spa#d
020 ## - NÚMERO INTERNACIONAL ESTÁNDAR DEL LIBRO
Número Internacional Estándar del Libro 9789875227477
080 ## - NÚMERO DE LA CLASIFICACIÓN DECIMAL UNIVERSAL
Número de la Clasificación Decimal Universal (038)=134.3=134.2
084 ## - OTRO NÚMERO DE CLASIFICACIÓN
Número de clasificación C22 S18
040 ## - FUENTE DE CATALOGACIÓN
Centro catalogador/agencia de origen AR-ClEAG
Centro/agencia transcriptor AR-ClEAG
005 - FECHA Y HORA DE LA ÚLTIMA TRANSACCIÓN
campo de control 20241107184706.0
003 - IDENTIFICADOR DE NÚMERO DE CONTROL
campo de control AR-ClEAG
100 1# - ENTRADA PRINCIPAL--NOMBRE DE PERSONA
Nombre de persona Campos Salvá, Carlos Alberto,
Término indicativo de función/relación director.
Relación drt
245 10 - MENCIÓN DEL TÍTULO
Título Diccionario bilingüe :
Resto del título portugués-español español-portugués /
Mención de responsabilidad, etc. dirigido por Carlos Alberto Campos Salvá.
250 ## - MENCION DE EDICION
Mención de edición 1ª ed.
260 ## - PUBLICACIÓN, DISTRIBUCIÓN, ETC.
Lugar de publicación, distribución, etc. Buenos Aires :
Nombre del editor, distribuidor, etc. Arte Gráfico Editorial Argentino,
Fecha de publicación, distribución, etc. 2009.
300 ## - DESCRIPCIÓN FÍSICA
Extensión 253 p. ;
Dimensiones 23 cm.
490 0# - MENCIÓN DE SERIE
Mención de serie Biblioteca Activa Visor
653 ## - TÉRMINO DE INDIZACIÓN--NO CONTROLADO
Término no controlado Diccionarios bilingüe
653 ## - TÉRMINO DE INDIZACIÓN--NO CONTROLADO
Término no controlado Portugués [idioma]
653 ## - TÉRMINO DE INDIZACIÓN--NO CONTROLADO
Término no controlado Español [idioma]
942 ## - ELEMENTOS DE ENTRADA SECUNDARIOS (KOHA)
Tipo de ítem Koha Libros
980 ## - EQUIVALENCIA O REFERENCIA-CRUZADA-MENCIÓN DE SERIE--NOMBRE DE PERSONA/TÍTULO [LOCAL, CANADÁ]
Enlace 2
Nombre de persona Evangelina Gallicchio
Enlace entre campo y número de secuencia 2
Información miscelánea Evangelina Gallicchio
Holdings
Estatus retirado Estado de pérdida Fuente del sistema de clasificación o colocación Estado de daño No para préstamo Biblioteca de origen Biblioteca actual Ubicación en estantería Fecha de adquisición Número de inventario Total de préstamos Signatura topográfica completa Código de barras Visto por última vez Precio de reemplazo Tipo de ítem Koha
    Clasificación decimal universal     Julio Cortázar Julio Cortázar   07/11/2024 3428   R24 (038)=134.3=134.2 C22 S18 Ej.1 3428 07/11/2024 07/11/2024 Libros

Contacto

Biblioteca Julio Cortázar. Escuela Agrotécnica "Libertador San Martín". Universidad Nacional de Rosario
Dirección: Ov. Lagos 1000 - 2170 Casilda - Santa Fe - Argentina
Tel: (54) (03464) 422226.
Fax: (54) (03464) 427789.
E-Mail: biblio-eac@unr.edu.ar